Sustainable Management of Groundwater in Mexico: Proceeding of a Workshop / (Record no. 2088)
[ view plain ]
| 000 -LEADER | |
|---|---|
| fixed length control field | 00374 a2200109 4500 |
| 020 ## - INTERNATIONAL STANDARD BOOK NUMBER | |
| International Standard Book Number | 0309105838 |
| 082 ## - DEWEY DECIMAL CLASSIFICATION NUMBER | |
| Classification number | 333.9104097 HOL |
| 100 ## - MAIN ENTRY--PERSONAL NAME | |
| Personal name | Holliday, Laura |
| 245 ## - TITLE STATEMENT | |
| Title | Sustainable Management of Groundwater in Mexico: Proceeding of a Workshop / |
| Statement of responsibility, etc. | Laura Holliday...[et all] |
| 260 ## - PUBLICATION, DISTRIBUTION, ETC. | |
| Place of publication, distribution, etc. | Washington : |
| Name of publisher, distributor, etc. | The National Academies Press, |
| Date of publication, distribution, etc. | 2007 |
| 300 ## - PHYSICAL DESCRIPTION | |
| Extent | xiv, 111p. : |
| Other physical details | ill. ; |
| Dimensions | 30 cm |
| 650 ## - SUBJECT ADDED ENTRY--TOPICAL TERM | |
| Topical term or geographic name entry element | Groundwater |
| Withdrawn status | Lost status | Damaged status | Not for loan | Permanent Location | Current Location | Shelving location | Date acquired | Total Checkouts | Full call number | Barcode | Date last seen | Price effective from | Koha item type |
|---|---|---|---|---|---|---|---|---|---|---|---|---|---|
| School of Civil and Environmental Engineering (SCEE) | School of Civil and Environmental Engineering (SCEE) | 333.9104097 HOL | NIT-3620 | 01/05/2017 | 01/05/2017 | Book |
